Самая большая скорость

מידע ביבליוגרפי
מחבר ראשי: Филонович С. Р. Сергей Ростиславович
מחברים אחרים: Фабрикант В. А. (редактор)
שפה:רוסית
יצא לאור: Москва, Наука, 1983
סדרה:Библиотечка "Квант" Вып. 27
נושאים:
פורמט: MixedMaterials ספר
KOHA link:https://koha.lib.tpu.ru/cgi-bin/koha/opac-detail.pl?biblionumber=292310

MARC

LEADER 00000nam0a2200000 4500
001 292310
005 20231102000500.0
020 |a RU  |b 83-72481 
035 |a (RuTPU)RU\TPU\book\316925 
090 |a 292310 
100 |a 20150421d1983 km y0rusy5003 ca 
101 0 |a rus 
102 |a RU 
105 |a a z 000zy 
200 1 |a Самая большая скорость  |f С. Р. Филонович  |g под ред. В. А. Фабриканта 
210 |a Москва  |c Наука  |d 1983 
215 |a 176 с.  |c ил.  |d 20 см 
225 1 |a Библиотечка "Квант"  |v Вып. 27 
606 1 |a Свет  |x Распространение  |2 stltpush  |3 (RuTPU)RU\TPU\subj\54131  |9 72291 
610 0 |a измерение 
610 0 |a скорость 
610 0 |a тела 
610 0 |a движение 
610 0 |a точность 
675 |a 535.22  |z rus  |v 4 
700 1 |a Филонович  |b С. Р.  |g Сергей Ростиславович  |4 070 
702 1 |a Фабрикант  |b В. А.  |4 340 
801 0 |a RU  |b RuMRKP  |c 19950704  |g psbo 
801 1 |a RU  |b 63413507  |c 20150421 
801 2 |a RU  |b 63413507  |c 20181229  |g RCR 
942 |c BK